Top 50 Albums from 2013 - Statistics

General Stats
  • This quiz has been taken 6 times
  • The average score is 2 of 50
Answer Stats
Artist Album % Correct
#10: Run the Jewels Run the Jewels
60%
#1: Kanye West Yeezus
60%
#30: Kurt Vile Wakin on a Pretty Daze
40%
#2: Queens of the Stone Age ...Like Clockwork
20%
#7: Vampire Weekend Modern Vampires of the City
20%
#5: Ichiko Aoba 0
0%
#35: Nails Abandon All Life
0%
#44: Gris À l'Âme Enflammée, l'Âme Constellée...
0%
#48: Avatarium Avatarium
0%
#17: Candy Claws Ceres & Calypso in the Deep Time
0%
#33: Leprous Coal
0%
#8: Gorguts Colored Sands
0%
#42: Paysage d'Hiver Das Tor
0%
#25: Melt-Banana Fetch
0%
#50: Kayo Dot Hubardo
0%
#4: Jon Hopkins Immunity
0%
#18: Estas Tonne Internal Flight
0%
#27: The Drones I See Seaweed
0%
#14: Sigur Rós Kveikur
0%
#40: Satan Life Sentence
0%
#12: Julia Holter Loud City Song
0%
#13: My Bloody Valentine m b v
0%
#32: Subrosa More Constant Than the Gods
0%
#47: Car Seat Headrest Nervous Young Man
0%
#49: R. Andrew Lee November
0%
#22: The Dillinger Escape Plan One of Us is the Killer
0%
#41: The Ocean Pelagial
0%
#28: Mark Kozelek & Jimmy LaValle Perils from the Sea
0%
#29: Darkside Psychic
0%
#9: Nick Cave and the Bad Seeds Push the Sky Away
0%
#11: Oneohtrix Point Never R Plus Seven
0%
#39: Wardruna Runaljod – Yggdrasil
0%
#37: Kacey Musgraves Same Trailer Different Park
0%
#36: The Knife Shaking the Habitual
0%
#16: Jason Isbell Southeastern
0%
#6: Deafheaven Sunbather
0%
#23: Altar of Plagues Teethed Glory and Injury
0%
#45: tricot T H E
0%
#20: Gustavo Santaolalla The Last of Us
0%
#26: Haken The Mountain
0%
#43: David Bowie The Next Day
0%
#15: Steven Wilson The Raven That Refused to Sing (And Other Stories)
0%
#46: Joe Hisaishi The Tale of the Princess Kaguya
0%
#38: Lil Ugly Mane Three Sided Tape Volume One
0%
#19: Boards of Canada Tomorrow's Harvest
0%
#24: The National Trouble Will Find Me
0%
#34: Cristobal Tapia de Veer Utopia
0%
#31: Cult of Luna Vertikal
0%
#3: Tim Hecker Virgins
0%
#21: H20$$$SPORTS$$$ YAYAYI
0%
No matching quizzes found
Score Distribution
Percent of People with Each Score
Percentile by Number Answered
Your Score History
You have not taken this quiz